Rozšírenie portálu pre elektronickú spoluprácu (PES)

Na minha lista:
Detalhes bibliográficos
Autor principal: Popovič, Michal, 1984- (Author)
Outros Autores: Vargic, Radoslav, 1972- (Thesis advisor)
Formato: Manuscrito Livro
Idioma:eslovaco
Publicado em: Bratislava : STU v Bratislave FEI, 2010
Assuntos:
Acesso em linha:VAIS
Tags: Adicionar Tag
Sem tags, seja o primeiro a adicionar uma tag!

MARC

LEADER 00000ntm a22000003a 4500
001 stu209624
005 20150617230102.2
008 100818s2010------------------------slo-d
040 |a STU  |b slo 
041 0 |a slo 
100 1 |a Popovič, Michal,  |d 1984-  |4 aut  |u E  |T FEI Fakulta elektrotechniky a informatiky  |X 22780  |U E  |Y 30  |7 A000022780 
242 0 0 |a Extension of Portal for electronic cooperation (PES)  |y eng 
245 1 |a Rozšírenie portálu pre elektronickú spoluprácu (PES) 
260 |a Bratislava :  |b STU v Bratislave FEI,  |c 2010 
300 |a 28 s 
650 7 |a databázový systém  |2 stusub 
650 7 |a databázový systém  |2 stusub 
650 7 |a Telekomunikácie  |2 stusub 
700 1 |a Vargic, Radoslav,  |d 1972-  |4 ths  |u E070  |U FEI Fakulta elektrotechniky a informatiky  |T FEI Ústav telekomunikácií  |X 1918  |U E070  |Y 818  |7 A000001918 
856 4 |a info a plný text  |u http://is.stuba.sk/zp/portal_zp.pl?podrobnosti=69502  |3 VAIS 
996 |b 284ER00119  |c E*Bc-119  |l EE16  |s P  |a 0  |w stu209624_0001